Kabale University Library Catalogue

Normal view MARC view
  • Jahadhmy Ali Ahmed

Entry Personal Name

Number of records used in: 1

001 - CONTROL NUMBER

  • control field: 8181

003 - CONTROL NUMBER IDENTIFIER

  • control field: OSt

005 - DATE AND TIME OF LATEST TRANSACTION

  • control field: 20210210164414.0

008 - FIXED-LENGTH DATA ELEMENTS

  • fixed length control field: 210210|| aca||aabn | a|a d

040 ## - CATALOGING SOURCE

  • Original cataloging agency: OSt
  • Transcribing agency: OSt

100 ## - HEADING--PERSONAL NAME

  • Personal name: Jahadhmy Ali Ahmed

670 ## - SOURCE DATA FOUND

  • Source citation: Work cat.: (OSt): Jahadhmy Ali Ahmed, Jusanyiko la Mashairi , c1975

Kabale University Library | Kabale University P.O Box 317, Kabale, Uganda
Tel : +256754017033, +256774661503 E-mail : library@kab.ac.ug